000 00486nam a2200145 4500
008 240527b |||||||| |||| 00| 0 eng d
082 _a306.766
_bHUM
110 _aHIVOS
245 _aHivos and support for gay/lesbian emancipation in the south:
_bmemorandum on the implementation of the policy document " human rights"
260 _aDen Haag:
_bHivos,
_c1999
300 _a16 p.
650 _aHOMOSEXUALITY- rights
650 _aNon-governmental organizations-Human rights
942 _cRP
999 _c4891
_d4891